|
|
|
|
| LEADER |
00000cam a2200000 7i4500 |
| 001 |
0000006781 |
| 005 |
20021119093000.0 |
| 008 |
021119n |
| 020 |
|
|
|a 187151651X
|
| 090 |
0 |
0 |
|a NX458
|b .P2 1994
|
| 100 |
0 |
|
|a Patridge, Derek ,
|e author
|
| 245 |
0 |
0 |
|a Computers and creativity
|c Derek Patridge and Jon Rowe
|
| 260 |
2 |
|
|a Oxford, England :
|b Intellect ,
|c 1994
|
| 300 |
|
|
|a iii, 179 p. :
|b ill. ; ;
|c 24 cm.
|
| 504 |
|
|
|a Includes bibliographical references (p. 162-168) and index
|
| 650 |
|
0 |
|a Computer art
|
| 700 |
0 |
|
|a Rowe, Jon ,
|e author
|
| 999 |
|
|
|a 1000083850
|b Book
|c OPEN SHELF (30 DAYS)
|e Gong Badak Campus
|